000 00575cam a22002171 4500
001 ne 63000076
003 DLC
005 20260227111739.0
008 890331s1962 xx a 000 0 ara
010 _ane 63000076
035 _a(OCoLC)23500752
040 _aDLC
_cMiU
_dDLC
042 _apremarc
050 0 0 _aPJ7538
_b.M28
100 1 _aMaḥāsinī, Zakī
245 1 0 _aNaẓarāt fī adabinā al-muʻāṣir.
260 _c[1962]
300 _a127 p.
_billus.
_c17 cm.
500 _aRomanized.
650 0 _aArabic literature
_y20th century
_xHistory and criticism.
999 _c45430
_d45430